Rumunsko Atlas

Politická situácia. Hospodárska situácia. Mena. Zahraničný obchod. Obchodné styky Českej republiky s Rumunskom.

Gespeichert in:
Bibliographische Detailangaben
1. Verfasser: Hálek, J.
Format: Buchkapitel
Sprache:Tschechisch
Schlagworte:
Tags: Tag hinzufügen
Keine Tags, Fügen Sie das erste Tag hinzu!

MARC

LEADER 00000naa a2200000 4500
001 r015411
005 20221205090029.1
041 0 |a cze 
044 |a CZ 
245 1 0 |a Rumunsko  |b Atlas  |c J. Hálek 
520 |a Politická situácia. Hospodárska situácia. Mena. Zahraničný obchod. Obchodné styky Českej republiky s Rumunskom. 
610 2 0 |a politika vnútorná 
610 2 0 |a situácia hospodárska 
610 2 0 |a mena 
610 2 0 |a obchod zahraničný 
610 2 0 |a Rumunsko 
610 2 0 |a Česko 
100 1 |a Hálek, J.